Hay Day: all items list - Statistics

General Stats
  • This quiz has been taken 35 times
  • The average score is 122 of 428
Answer Stats
Type Items Lvl % Correct
Fruit Blackberry 26
93%
Crops Corn 2
93%
Fruit Apple 15
90%
Crops Carrot 9
86%
Honey extractor products Honey 39
86%
Fruit Cherry 22
83%
Fruit Raspberry 19
83%
Crops Strawberry 34
83%
Crops Wheat 1
83%
Fruit Blueberry 30
79%
Animal goods Milk 6
79%
Crops Pumpkin 15
79%
Animal goods Bacon 10
76%
Dairy products Cheese 12
76%
Animal goods Egg 1
76%
Animal goods Wool 16
76%
Bakery products Bread 2
72%
Dairy products Cream 6
72%
Crops Soybean 5
72%
Crops Sugarcane 7
72%
Crops Tomato 30
72%
Dairy products Butter 9
69%
Dairy products Goat cheese 33
69%
Crops Indigo 13
69%
Fruit Lemon 66
69%
Fruit Olive 57
69%
Crops Cotton 18
66%
Animal goods Goat milk 32
66%
Crops Potato 35
66%
Jeweler products Bracelet 38
62%
Candy machine products Chocolate 54
62%
Silo expansion material Nail 1
62%
Fruit Orange 71
62%
Popcorn pot products Popcorn 8
62%
Jam maker products Apple jam 35
59%
Fruit Banana 88
59%
Sugar mill products Brown sugar 7
59%
Bakery products Corn bread 7
59%
Crops Pineapple 52
59%
Barn expansion material Plank 1
59%
Loom products Sweater 17
59%
Sugar mill products Syrup 18
59%
Sugar mill products White sugar 13
59%
Juice press products Apple juice 28
55%
Tools Axe 5
55%
Jam maker products Blackberry jam 37
55%
Cake oven products Carrot cake 21
55%
Jam maker products Cherry jam 38
55%
Feed mill products Chicken feed 3
55%
Popcorn pot products Chili popcorn 25
55%
Fruit Coffee bean 42
55%
Feed mill products Cow feed 6
55%
Barn expansion material Duct tape 1
55%
Tools Dynamite 5
55%
Jeweler products Necklace 39
55%
Crops Onion 68
55%
Bakery products Pizza 33
55%
Silo expansion material Screw 1
55%
Tools Shovel 5
55%
Juice press products Berry juice 31
52%
Loom products Blue sweater 20
52%
Fruit Cacao 36
52%
Juice press products Carrot juice 26
52%
Juice press products Cherry juice 30
52%
Crops Chili pepper 25
52%
Ores Coal 33
52%
Jeweler products Diamond ring 40
52%
Feed mill products Goat feed 32
52%
Smelter products Gold bar 25
52%
BBQ grill products Hamburger 18
52%
Tools Pickaxe 34
52%
Jam maker products Raspberry jam 36
52%
Tools Saw 5
52%
Feed mill products Sheep feed 16
52%
Pie oven products Bacon pie 18
48%
Honey extractor products Beeswax 48
48%
Bakery products Blackberry muffin 26
48%
Sewing machine products Blanket 59
48%
Barn expansion material Bolt 1
48%
Pie oven products Carrot pie 14
48%
Ice cream maker products Chocolate ice cream 39
48%
Bakery products Cookie 10
48%
Animal goods Duck feather 50
48%
Animal goods Fish fillet 27
48%
Ores Gold ore 24
48%
Coffee kiosk products Hot chocolate 47
48%
Smelter products Iron bar 34
48%
Ores Iron ore 34
48%
Land expansion materials Land deed 22
48%
Sauce maker products Olive oil 60
48%
Feed mill products Pig feed 10
48%
Ores Platinum ore 24
48%
Pie oven products Pumpkin pie 15
48%
Crops Rice 56
48%
Smelter products Silver bar 24
48%
Ores Silver ore 24
48%
Bakery products Spicy pizza 37
48%
Pie oven products Apple pie 28
45%
Popcorn pot products Chocolate popcorn 44
45%
Cake oven products Cream cake 23
45%
Coffee kiosk products Espresso 42
45%
Soup kitchen products Fish soup 53
45%
Popcorn pot products Honey popcorn 40
45%
Hot dog stand products Hot dog 75
45%
Jeweler products Iron bracelet 41
45%
Land expansion materials Mallet 22
45%
Smelter products Platinum bar 25
45%
Soup kitchen products Pumpkin soup 49
45%
Candle maker products Raspberry candle 52
45%
Bakery products Raspberry muffin 19
45%
Sauce maker products Soy sauce 54
45%
Ice cream maker products Strawberry ice cream 34
45%
Jam maker products Strawberry jam 50
45%
Juice press products Tomato juice 31
45%
Soup kitchen products Tomato soup 47
45%
Ice cream maker products Vanilla ice cream 29
45%
Silo expansion material Wood panel 1
45%
Sewing machine products Wooly chaps 21
45%
Crops Asparagus 49
41%
BBQ grill products Bacon and eggs 11
41%
Crops Garlic 60
41%
Crops Ginger 78
41%
Town expansion materials Hammer 34
41%
Animal goods Honeycomb 39
41%
Crops Lettuce 58
41%
Animal goods Lobster tail 44
41%
Land expansion materials Marker stake 22
41%
Animal goods Peanuts 62
41%
Sewing machine products Pillow 51
41%
Juice press products Pineapple juice 52
41%
Crops Sunflower 63
41%
Taco kitchen products Taco 77
41%
Loom products Cotton fabric 18
38%
Candy machine products Jelly beans 60
38%
Soup kitchen products Lobster soup 46
38%
Fruit Peach 76
38%
Crops Sesame 50
38%
Ice cream maker products Sesame ice cream 50
38%
Candle maker products Strawberry candle 48
38%
Candy machine products Toffee 52
38%
Sewing machine products Violet dress 25
38%
Feed mill products Wheat bundle 34
38%
Bakery products Blueberry muffin 33
34%
Cake oven products Cheesecake 24
34%
Cake oven products Chocolate cake 36
34%
Pie oven products Chocolate pie 65
34%
Fishing tackle Duck trap 50
34%
Fishing tackle Fishing net 30
34%
Pie oven products Fish pie 28
34%
Crops Grapes 84
34%
Fishing tackle Green lure 27
34%
Fishing tackle Lobster trap 44
34%
Candy machine products Lollipop 57
34%
BBQ grill products Pancake 9
34%
Coffee kiosk products Raspberry mocha 46
34%
Loom products Red scarf 48
34%
Tools TNT barrel 5
34%
Smoothie mixer products Berry smoothie 64
31%
Cake oven products Blueberry cheesecake 31
31%
Fishing tackle Blue lure 27
31%
Loom products Blue woolly hat 19
31%
Popcorn pot products Buttered popcorn 16
31%
Coffee kiosk products Caffé latte 43
31%
Crops Chamomile 45
31%
Ice cream maker products Cherry popsicle 33
31%
Fondue pot products Chocolate fondue 81
31%
Sewing machine products Cotton shirt 19
31%
Pie oven products Feta pie 34
31%
BBQ grill products Fish burger 27
31%
Bakery products Frutti di Mare pizza 45
31%
Tea stand products Green tea 80
31%
Crops Lily 53
31%
Sushi bar products Lobster sushi 59
31%
Fruit Mango 97
31%
Crops Mint 85
31%
Fishing tackle Mystery net 30
31%
Juice press products Orange juice 71
31%
Fishing tackle Purple lure 27
31%
Crops Watermelon 92
31%
BBQ grill products Baked potato 35
28%
Crops Bell pepper 74
28%
Town expansion materials Brick 34
28%
Crops Cabbage 65
28%
Candy machine products Caramel apple 51
28%
Crops Cucumber 70
28%
Cake oven products Fancy cake 54
28%
Fishing tackle Gold lure 27
28%
Smoothie mixer products Green smoothie 66
28%
Town expansion materials Hand drill 34
28%
Candle maker products Lemon candle 72
28%
Sauce maker products Lemon curd 66
28%
Pie oven products Lemon pie 67
28%
Sauce maker products Mayonnaise 62
28%
Crops Mushroom 89
28%
Town expansion materials Paint bucket 34
28%
Bakery products Potato bread 39
28%
Smelter products Refined coal 33
28%
Flower shop products Rustic bouquet 49
28%
Popcorn pot products Snack mix 64
28%
Soup kitchen products Asparagus soup 51
24%
Jam maker products Blueberry chutney 70
24%
Coffee kiosk products Caffé mocha 45
24%
Crops Clay 94
24%
Hot dog stand products Corn dog 78
24%
BBQ grill products Garlic bread 60
24%
BBQ grill products Grilled onion 68
24%
Cake oven products Lemon cake 68
24%
Town expansion materials Map piece 34
24%
Feed mill products Meat bucket 34
24%
Soup kitchen products Onion soup 72
24%
Ice cream maker products Orange sorbet 78
24%
Fishing tackle Red lure 27
24%
BBQ grill products Roasted tomatoes 30
24%
Cake oven products Strawberry cake 35
24%
Sushi bar products Sushi roll 56
24%
Town expansion materials Tar bucket 34
24%
Ice cream maker products Affogato 78
21%
Pie oven products Asparagus quiche 49
21%
Salad bar products BLT salad 62
21%
Taco kitchen products Fish taco 79
21%
Fruit Guava 104
21%
Cake oven products Honey apple cake 42
21%
BBQ grill products Lobster skewer 48
21%
Tea stand products Milk tea 81
21%
Ice cream maker products Peanut butter milkshake 68
21%
Cake oven products Potato feta cake 38
21%
Pie oven products Shepherd's pie 39
21%
Wok kitchen products Spicy fish 79
21%
Sauce maker products Tomato sauce 69
21%
Hat maker products Top hat 72
21%
Fondue pot products Bacon fondue 86
17%
Sushi bar products Big sushi roll 76
17%
Crops Broccoli 83
17%
Soup kitchen products Cabbage soup 65
17%
Coffee kiosk products Caramel latte 62
17%
Pie oven products Casserole 36
17%
Candy machine products Cotton candy 75
17%
Donut maker products Cream donut 86
17%
Smoothie mixer products Cucumber smoothie 70
17%
Crops Eggplant 90
17%
Sandwich bar products Egg sandwich 66
17%
Sushi bar products Egg sushi 63
17%
BBQ grill products Fish and chips 41
17%
Bakery products Gingerbread cookie 86
17%
Jam maker products Grape jam 85
17%
Tea stand products Honey tea 83
17%
Jam maker products Marmalade 74
17%
Crops Oats 119
17%
Sauce maker products Olive dip 66
17%
Salad bar products Pasta salad 67
17%
Jam maker products Peach jam 79
17%
Pie oven products Peach tart 76
17%
Crops Peony 82
17%
Donut maker products Plain donut 76
17%
Fruit Pomegranate 107
17%
Soup kitchen products Potato soup 78
17%
Sauce maker products Salsa 77
17%
Sewing machine products Soothing pad 45
17%
Omelet station products Spring omelet 77
17%
Town expansion materials Stone block 34
17%
Crops Tea leaf 80
17%
Sandwich bar products Veggie bagel 61
17%
Crops Beetroot 72
14%
Flower shop products Bright bouquet 65
14%
Donut maker products Crunchy donut 82
14%
Salad bar products Feta salad 58
14%
Loom products Flower shawl 71
14%
Pasta maker products Fresh pasta 67
14%
Essential oils lab products Ginger essential oil 80
14%
Pasta kitchen products Gnocchi 72
14%
Juice press products Grape juice 84
14%
BBQ grill products Grilled asparagus 67
14%
Juice press products Guava juice 104
14%
Candy machine products Honey peanuts 63
14%
Essential oils lab products Lemon essential oil 68
14%
Ice cream maker products Mint ice cream 85
14%
Tea stand products Mint tea 97
14%
Soup kitchen products Noodle soup 73
14%
Hot dog stand products Onion dog 80
14%
Crops Passion fruit 88
14%
Cake oven products Pineapple cake 65
14%
Cupcake maker products Plain cupcake 109
14%
Yogurt maker products Plain yogurt 103
14%
Fruit Plum 94
14%
Cake oven products Red berry cake 23
14%
Omelet station products Rice omelet 83
14%
Salad bar products Seefood salad 64
14%
Donut maker products Sprinkled donut 79
14%
Salad bar products Summer salad 84
14%
Hat maker products Sun hat 74
14%
Hot dog stand products Tofu dog 76
14%
Juice press products Watermelon juice 92
14%
BBQ grill products Winter veggies 72
14%
Tea stand products Apple ginger tea 88
10%
Donut maker products Bacon donut 88
10%
Deep fryer products Bacon fries 87
10%
Sandwich bar products Bacon toast 65
10%
Bakery products Banana bread 91
10%
Ice cream maker products Banana split 96
10%
Salad bar products Beetroot salad 76
10%
Pasta kitchen products Broccoli pasta 83
10%
Essential oils lab products Chamomile essential oil 74
10%
Fondue pot products Cheese fondue 91
10%
Omelet station products Cheese omelet 79
10%
Crops Chickpea 95
10%
Fudge shop products Chili fudge 104
10%
Deep fryer products Chili poppers 98
10%
Hat maker products Cloche hat 70
10%
Fruit Coconut 101
10%
Sandwich bar products Cucumber sandwich 79
10%
Donut maker products Filled donut 93
10%
BBQ grill products Fish skewer 96
10%
Hat maker products Flower crown 86
10%
Jeweler products Flower pendant 98
10%
Wok kitchen products Fried rice 69
10%
Cake oven products Fruit cake 89
10%
Salad bar products Fruit salad 82
10%
Flower shop products Gracious bouquet 73
10%
BBQ grill products Grilled eggplant 90
10%
Bath kiosk products Honey soap 84
10%
Sandwich bar products Honey toast 69
10%
Sauce maker products Hummus 95
10%
Preservation station products Kimchi 98
10%
Fudge shop products Lemon fudge 108
10%
Tea stand products Lemon tea 86
10%
Pasta kitchen products Lobster pasta 79
10%
Bakery products Macaroon 101
10%
Juice press products Mango juice 97
10%
Essential oils lab products Mint essential oil 85
10%
Fudge shop products Mint fudge 102
10%
Taco kitchen products Nachos 87
10%
Sandwich bar products Onion melt 84
10%
Tea stand products Orange tea 89
10%
Juice press products Passion fruit juice 88
10%
Pasta kitchen products Pasta carbonara 83
10%
Fudge shop products Peanut fudge 111
10%
Wok kitchen products Peanut noodles 86
10%
Preservation station products Pickles 91
10%
Waffle maker products Plain waffles 114
10%
Tea stand products Pomegranate tea 107
10%
Omelet station products Potato omelet 87
10%
Taco kitchen products Quesadilla 82
10%
Pasta maker products Rice noodles 73
10%
Deep fryer products Samosa 103
10%
Candy machine products Sesame brittle 78
10%
Pasta kitchen products Spicy pasta 87
10%
Yogurt maker products Strawberry yogurt 105
10%
Pottery studio products Tea pot 94
10%
Flower shop products Veggie bouquet 106
10%
Pasta kitchen products Veggie lasagna 74
10%
Porridge bar products Apple porridge 119
7%
BBQ grill products Banana pancakes 94
7%
Soup kitchen products Bell pepper soup 81
7%
Flower shop products Birthday bouquet 92
7%
Smoothie mixer products Black sesame smoothie 93
7%
Soup kitchen products Broccoli soup 87
7%
Preservation station products Canned fish 95
7%
Pottery studio products Clay mug 99
7%
Salad bar products Coleslaw 75
7%
Candle maker products Colourful candles 84
7%
Omelet station products Colourful omelet 77
7%
Bath kiosk products Exfoliating soap 93
7%
Deep fryer products Falafel 98
7%
Ice cream maker products Fruit sorbet 106
7%
Milkshake bar products Fruity milkshake 126
7%
Preservation station products Guava compote 104
7%
Deep fryer products Hand pies 91
7%
Coffee kiosk products Iced banana latte 88
7%
Tea stand products Iced tea 92
7%
Bath kiosk products Lemon lotion 84
7%
Milkshake bar products Mocha milkshake 125
7%
Pasta kitchen products Mushroom pasta 101
7%
Salad bar products Mushroom salad 89
7%
Soup kitchen products Mushroom soup 104
7%
Jam maker products Passion fruit jam 96
7%
Ice cream maker products Peach ice cream 83
7%
Sandwich bar products Peanut butter and jelly sandwich 71
7%
Jam maker products Plum jam 94
7%
Cake oven products Pomegranate cake 108
7%
Pottery studio products Potted plant 96
7%
Fudge shop products Rich fudge 99
7%
Bath kiosk products Rich soap 121
7%
BBQ grill products Stuffed peppers 80
7%
Salad bar products Summer rolls 78
7%
Porridge bar products Sweet porridge 120
7%
Sauce maker products Tart dressing 100
7%
Wok kitchen products Tofu stir fry 89
7%
Fondue pot products Tropical fondue 100
7%
Smoothie mixer products Tropical smoothie 104
7%
Milkshake bar products Vanilla milkshake 124
7%
Salad bar products Veggie platter 74
7%
Smoothie mixer products Yoghurt smoothie 70
7%
Perfumerie products Zesty perfume 113
7%
Waffle maker products Berry waffles 114
3%
Waffle maker products Blueberry waffles 118
3%
Yogurt maker products Breakfast bowl 119
3%
Waffle maker products Breakfast waffles 119
3%
Perfumerie products Calming diffuser 116
3%
Flower shop products Candy bouquet 90
3%
Tea stand products Chamomile tea 100
3%
Stew pot products Chickpea stew 106
3%
Stew pot products Chili stew 109
3%
Cake oven products Chocolate roll 95
3%
Waffle maker products Chocolate waffles 117
3%
Smoothie mixer products Cocoa smoothie 100
3%
Ice cream maker products Coconut ice cream 102
3%
Cupcake maker products Cookie cupcake 114
3%
Preservation station products Dried fruit 102
3%
Pie oven products Eggplant parmesan 99
3%
Candle maker products Floral candle 95
3%
Perfumerie products Fresh diffuser 110
3%
Porridge bar products Fresh porridge 122
3%
Deep fryer products Fried candy bar 100
3%
Sandwich bar products Goat cheese toast 92
3%
Cupcake maker products Guava cupcake 109
3%
Bath kiosk products Honey face mask 99
3%
Sandwich bar products Hummus wrap 109
3%
Smoothie mixer products Mixed smoothie 88
3%
Pie oven products Mushroom pot pie 97
3%
Salad bar products Orange salad 117
3%
Pie oven products Passion fruit pie 92
3%
Bakery products Pineapple coconut bars 120
3%
Smoothie mixer products Plum smoothie 102
3%
Sushi bar products Rice ball 110
3%
Flower shop products Soft bouquet 93
3%
Cupcake maker products Tropical cupcake 112
3%
Yogurt maker products Tropical yogurt 109
3%
Stew pot products Winter stew 112
3%
No matching quizzes found
Score Distribution
Percent of People with Each Score
Percentile by Number Answered
Your Score History
You have not taken this quiz